[Event "VII Festival Magistrale"]
[Site "Montecatini Terme ITA"]
[Date "1998.08.01"]
[Round "1"]
[White "Safranska, Anda"]
[Black "Quartararo, Pierre"]
[Result "1-0"]
[WhiteElo "2275"]
[BlackElo "2000"]
[PlyCount "115"]
[EventDate "1998.08.01"]

1.e4 e6 2.d4 d5 3.Nd2 dxe4 4.Nxe4 Nf6 5.Nxf6+ Qxf6 6.Nf3 h6 7.Bd3 Nd7 8.
O-O Qd8 9.Re1 Be7 10.c3 Nf6 11.Bc2 c6 12.Ne5 Qc7 13.Bf4 Bd6 14.c4 b6 15.
Qf3 Bb7 16.c5 Bxe5 17.Bxe5 Qe7 18.b4 Nd5 19.a3 Qg5 20.Bb3 O-O 21.Bc2 b5 
22.Bd6 Rfd8 23.Re2 Bc8 24.Rae1 Bd7 25.g3 f5 26.h4 Qg6 27.Bf4 a5 28.Bd2 
axb4 29.axb4 Ra7 30.h5 Qf7 31.g4 Rda8 32.gxf5 Ra3 33.Qg2 exf5 34.Bxh6 Kh8 
35.Bc1 R3a7 36.Bb3 Qxh5 37.Bxd5 cxd5 38.Re3 Qf7 39.Qh3+ Kg8 40.Qh1 Qg6+ 
41.Rg3 Qf7 42.Bh6 g6 43.Bf4 Re8 44.Kg2 Re4 45.Be5 Rxe5 46.Rxe5 f4 47.Rgg5 
Ra3 48.Qh6 Ra6 49.Kh2 Qg7 50.Qxg7+ Kxg7 51.Rxd5 Kh6 52.Rg1 Bf5 53.Rxf5 
gxf5 54.d5 f3 55.d6 f4 56.Rg4 Ra2 57.Rxf4 Rxf2+ 58.Kg3 1-0

[Event "VII Festival Magistrale"]
[Site "Montecatini Terme ITA"]
[Date "1998.08.01"]
[Round "1"]
[White "Sarno, Spartaco"]
[Black "Lebel Arias, Julia"]
[Result "1-0"]
[WhiteElo "2365"]
[BlackElo "2095"]
[PlyCount "63"]
[EventDate "1998.08.01"]

1.d4 f5 2.g3 e6 3.Bg2 Nf6 4.Nf3 b6 5.Ne5 c6 6.O-O Bb7 7.c4 Na6 8.Nd2 Bb4 
9.Ndf3 Nc7 10.c5 bxc5 11.a3 Ba5 12.Nc4 Nb5 13.a4 Bc7 14.dxc5 d5 15.Ncd2 a6
16.axb5 axb5 17.Rxa8 Qxa8 18.Nb3 e5 19.Qc2 Bc8 20.Bd2 O-O 21.Ra1 Qb8 22.
Ba5 f4 23.Bxc7 Qxc7 24.gxf4 exf4 25.Qc3 Re8 26.Nbd4 Bd7 27.Qa5 Qc8 28.Qa6 
Qc7 29.b4 Ne4 30.Qb6 Qc8 31.Ra7 Nf6 32.Qc7 1-0

[Event "VII Festival Magistrale"]
[Site "Montecatini Terme ITA"]
[Date "1998.08.01"]
[Round "1"]
[White "Scalcione, Michelangelo"]
[Black "Mariano, Elia"]
[Result "0-1"]
[WhiteElo "1960"]
[BlackElo "2250"]
[PlyCount "32"]
[EventDate "1998.08.01"]

1.Nf3 Nf6 2.c4 e6 3.Nc3 d5 4.d4 Nbd7 5.Bf4 c6 6.e3 Qa5 7.Nd2 Bb4 8.Qc2 O-O
9.Bd3 Re8 10.Be5 Nxe5 11.dxe5 Ng4 12.Bxh7+ Kh8 13.f4 Nxe3 14.Qd3 Nxg2+ 15.
Kf2 Nxf4 16.Qf3 Qc5+ 0-1

[Event "VII Festival Magistrale"]
[Site "Montecatini Terme ITA"]
[Date "1998.08.01"]
[Round "1"]
[White "Scavo, Fernando"]
[Black "Di Vincenzi, Renato"]
[Result "1-0"]
[WhiteElo "2290"]
[BlackElo "2128"]
[PlyCount "109"]
[EventDate "1998.08.01"]

1.e4 d6 2.d4 Nf6 3.Nc3 g6 4.Be3 Bg7 5.Qd2 O-O 6.O-O-O a6 7.f3 b5 8.g4 Nc6 
9.Kb1 e5 10.dxe5 Nxe5 11.Bg5 Bb7 12.Nd5 Bxd5 13.exd5 Qb8 14.Bh6 Bh8 15.
Bxf8 Kxf8 16.h4 h5 17.g5 Nfd7 18.f4 Nc4 19.Bxc4 bxc4 20.c3 Nc5 21.Ne2 Qb7 
22.f5 Be5 23.Qc2 Rb8 24.Rh3 Kg7 25.fxg6 fxg6 26.Nd4 Qc8 27.Ne6+ Nxe6 28.
dxe6 Qxe6 29.Rf3 Rf8 30.Rxf8 Kxf8 31.Rf1+ Kg7 32.Qf2 Qe8 33.Qf3 c6 34.Qf2 
Kg8 35.Qe2 Kh7 36.Qxc4 Bg7 37.Qd3 Qe5 38.a3 a5 39.Qf3 d5 40.Qf4 Qe2 41.Qf3
Qc4 42.Qf4 Qb5 43.Ka1 d4 44.cxd4 c5 45.Qf7 cxd4 46.Rf6 Qd3 47.Re6 Qf5 48.
Re7 Qxf7 49.Rxf7 Kg8 50.Rd7 a4 51.Kb1 Be5 52.Kc2 Kf8 53.Kd3 Ke8 54.Rd5 Bg7
55.Ra5 1-0

[Event "VII Festival Magistrale"]
[Site "Montecatini Terme ITA"]
[Date "1998.08.01"]
[Round "1"]
[White "Schaefer, Michael"]
[Black "Franco Ocampos, Zenon"]
[Result "0-1"]
[WhiteElo "2180"]
[BlackElo "2485"]
[PlyCount "66"]
[EventDate "1998.08.01"]

1.d4 Nf6 2.c4 e6 3.g3 c5 4.Nf3 cxd4 5.Nxd4 a6 6.Bg2 Qc7 7.b3 Bb4+ 8.Bd2 
Be7 9.O-O Nc6 10.Bc3 O-O 11.e4 d6 12.Bb2 Bd7 13.Nc3 Rac8 14.Rc1 Qb8 15.Nc2
b5 16.Ne3 Rfd8 17.Qe2 Na5 18.cxb5 axb5 19.f4 b4 20.Nb1 Bb5 21.Qf3 Bxf1 22.
Rxf1 Qa7 23.Kh1 Nc6 24.a4 bxa3 25.Nxa3 Rb8 26.e5 Ne8 27.exd6 Bxd6 28.Nec4 
Bxa3 29.Ra1 Nd4 30.Qe3 Rxb3 31.Bxd4 Qxd4 32.Qxd4 Rxd4 33.Nxa3 Rxa3 0-1

[Event "VII Festival Magistrale"]
[Site "Montecatini Terme ITA"]
[Date "1998.08.01"]
[Round "1"]
[White "Schwenk, Andreas"]
[Black "Santoro, Alessandro"]
[Result "1/2-1/2"]
[WhiteElo "2215"]
[BlackElo "1900"]
[PlyCount "108"]
[EventDate "1998.08.01"]

1.e4 c5 2.Nf3 Nc6 3.Bb5 g6 4.O-O Bg7 5.c3 d6 6.d4 Bd7 7.dxc5 dxc5 8.Qe2 
Qc7 9.Be3 b6 10.Nfd2 e5 11.Bxc6 Bxc6 12.c4 Nf6 13.Nc3 O-O 14.Nd5 Bxd5 15.
cxd5 Ne8 16.f3 f5 17.a4 Nd6 18.Rfc1 Qe7 19.a5 Rab8 20.axb6 axb6 21.Ra6 
Rfc8 22.Qd3 Rb7 23.Nc4 fxe4 24.fxe4 Nxc4 25.Qxc4 b5 26.Qa2 c4 27.Ra8 Rcb8 
28.Qa6 Qc7 29.Rxb8+ Rxb8 30.Rf1 Qd7 31.h3 Rf8 32.Rxf8+ Kxf8 33.Bc5+ Kf7 
34.Qb6 Bf6 35.d6 Bg5 36.Qc7 Ke6 37.Qb8 Bc1 38.Ba3 Be3+ 39.Kh2 Ba7 40.Qa8 
Bd4 41.g4 Qf7 42.Qd5+ Kf6 43.d7 Qxd5 44.exd5 Bb6 45.Kg3 e4 46.Kf4 e3 47.
Bc5 Bd8 48.Bxe3 Ke7 49.Ke5 Kxd7 50.Bc5 h5 51.Bb4 hxg4 52.hxg4 Bg5 53.Bc3 
Be7 54.Kd4 Bd6 1/2-1/2

[Event "VII Festival Magistrale"]
[Site "Montecatini Terme ITA"]
[Date "1998.08.01"]
[Round "1"]
[White "Squarci, Franco"]
[Black "Bellia, Fabrizio"]
[Result "0-1"]
[WhiteElo "1732"]
[BlackElo "2330"]
[PlyCount "86"]
[EventDate "1998.08.01"]

1.d4 Nf6 2.Nf3 g6 3.c4 Bg7 4.Nc3 O-O 5.e4 d6 6.Be2 e5 7.dxe5 dxe5 8.Qxd8 
Rxd8 9.Bg5 Re8 10.Rd1 h6 11.Bxf6 Bxf6 12.Nd5 Bd8 13.h4 c6 14.Ne3 h5 15.b4 
a5 16.b5 Bb6 17.Nc2 f6 18.Nh2 Kg7 19.g4 hxg4 20.Nxg4 Rh8 21.Rd3 Be6 22.
Nge3 Bc5 23.a4 Nd7 24.h5 Nb6 25.bxc6 bxc6 26.Bg4 Bxg4 27.h6+ Rxh6 28.Rxh6 
Kxh6 29.Nxg4+ Kg7 30.Nge3 Kf7 31.Ke2 Ke6 32.Na1 Nxa4 33.Nb3 Be7 34.c5 Nxc5
35.Nxc5+ Bxc5 36.Nc4 a4 37.Rc3 a3 38.Nd2 a2 39.Nb3 Bd4 40.Rxc6+ Kf7 41.
Rc7+ Kf8 42.Rc6 Ra3 43.Nxd4 exd4 0-1

[Event "VII Festival Magistrale"]
[Site "Montecatini Terme ITA"]
[Date "1998.08.01"]
[Round "1"]
[White "Temi, Walter"]
[Black "Leventic, Ivan"]
[Result "0-1"]
[WhiteElo "2105"]
[BlackElo "2375"]
[PlyCount "54"]
[EventDate "1998.08.01"]

1.e4 Nf6 2.Nc3 e5 3.Nf3 Nc6 4.Bb5 Nd4 5.Ba4 Bc5 6.d3 O-O 7.O-O d6 8.Nxd4 
Bxd4 9.Bg5 c6 10.Bb3 a5 11.a4 h6 12.Be3 Bb6 13.Qf3 Kh7 14.h3 Be6 15.Ba2 
Bxe3 16.Qxe3 Nh5 17.Ne2 Qf6 18.f4 exf4 19.Nxf4 Nxf4 20.Qxf4 Qxb2 21.Bxe6 
Qd4+ 22.Kh1 fxe6 23.Qg4 Rf6 24.Rab1 Raf8 25.Rxf6 Rxf6 26.Rxb7 Rf1+ 27.Kh2 
Qe5+ 0-1

[Event "VII Festival Magistrale"]
[Site "Montecatini Terme ITA"]
[Date "1998.08.01"]
[Round "1"]
[White "Vezzosi, Paolo"]
[Black "Ragonese, Lucio Rosario"]
[Result "1-0"]
[WhiteElo "2325"]
[BlackElo "2035"]
[PlyCount "67"]
[EventDate "1998.08.01"]

1.d4 g6 2.e4 Bg7 3.Nf3 d6 4.Nc3 Nd7 5.Bc4 e6 6.Bg5 Bf6 7.h4 h6 8.Be3 a6 9.
a4 Ne7 10.Qd2 h5 11.Rd1 Nc6 12.Ne2 e5 13.Ng5 Rf8 14.f4 exf4 15.Nxf4 Nb6 
16.Bb3 Bg4 17.Ra1 Qe7 18.a5 Bxg5 19.hxg5 Nxa5 20.Rxa5 Qxe4 21.O-O O-O-O 
22.Re1 Qc6 23.Nd5 Nxd5 24.Bxd5 Qd7 25.Bc4 Rde8 26.Raa1 h4 27.d5 h3 28.Qd4 
hxg2 29.Qa7 Kd8 30.Qxb7 Rh8 31.Qa8+ Ke7 32.Bd4+ Be6 33.dxe6 fxe6 34.Qxg2 
1-0

[Event "VII Festival Magistrale"]
[Site "Montecatini Terme ITA"]
[Date "1998.08.01"]
[Round "1"]
[White "Weclawski, Dorota"]
[Black "Arnold, Johannes"]
[Result "1/2-1/2"]
[WhiteElo "2045"]
[BlackElo "2325"]
[PlyCount "94"]
[EventDate "1998.08.01"]

1.d4 d5 2.Nf3 Nf6 3.Bg5 Ne4 4.Bh4 c5 5.e3 Qb6 6.Qc1 cxd4 7.exd4 Nc6 8.c3 
Bf5 9.Nbd2 Rc8 10.Be2 e6 11.O-O Bd6 12.Bg3 Nxg3 13.hxg3 O-O 14.Nb3 a5 15.
Qd2 a4 16.Nc1 a3 17.b3 Qa5 18.Nd3 Rc7 19.Rac1 Rfc8 20.Rfd1 b6 21.Rb1 Ne7 
22.b4 Qa7 23.Rb3 Nc6 24.Nde1 e5 25.Nxe5 Nxe5 26.dxe5 Bxe5 27.Qxd5 Re7 28.
c4 g6 29.Bd3 Be6 30.Qe4 Bb2 31.Qh4 Rec7 32.Nf3 Bxc4 33.Bxc4 Rxc4 34.Rd8+ 
Kg7 35.Qg5 Bf6 36.Rxc8 Rxc8 37.Qd2 Rd8 38.Qe2 Qc7 39.Qe3 Qd6 40.Rxa3 Qxb4 
41.Rb3 Rd1+ 42.Kh2 Qa5 43.g4 Qxa2 44.Rxb6 Qa1 45.Rb7 Qa6 46.Qb3 Qd6+ 47.g3
Qd5 1/2-1/2

[Event "VII Festival Magistrale"]
[Site "Montecatini Terme ITA"]
[Date "1998.08.01"]
[Round "1"]
[White "Zelcic, Robert"]
[Black "Vebic, Kasem"]
[Result "1-0"]
[WhiteElo "2585"]
[BlackElo "2215"]
[PlyCount "81"]
[EventDate "1998.08.01"]

1.e4 Nc6 2.Nf3 g6 3.d4 Bg7 4.Nc3 d6 5.Bb5 Bd7 6.Be3 Nf6 7.d5 Nb8 8.Bxd7+ 
Nbxd7 9.Qd2 Ng4 10.Bd4 Nde5 11.Nxe5 dxe5 12.Bc5 Bh6 13.Qe2 Qd7 14.h3 Nf6 
15.Be3 Bg7 16.O-O-O O-O 17.g4 a6 18.f4 Ne8 19.fxe5 Bxe5 20.Bd4 Bxd4 21.
Rxd4 e5 22.Rd3 Nd6 23.h4 f5 24.gxf5 gxf5 25.exf5 Qxf5 26.Kb1 Qf4 27.Rg1+ 
Kh8 28.b3 e4 29.Rdg3 Nf5 30.Rg5 Rae8 31.Rf1 Qxh4 32.Rgxf5 Rxf5 33.Rxf5 Qh3
34.Qf2 Qh6 35.Nxe4 Qg7 36.Ng5 h6 37.Ne6 Qg6 38.Rf7 c5 39.Qf6+ Qxf6 40.Rxf6
Kh7 41.d6 1-0

[Event "VII Festival Magistrale"]
[Site "Montecatini Terme ITA"]
[Date "1998.08.02"]
[Round "2"]
[White "Arlandi, Ennio"]
[Black "Menoni, Vincenzo"]
[Result "1-0"]
[WhiteElo "2440"]
[BlackElo "2285"]
[PlyCount "63"]
[EventDate "1998.08.01"]

1.d4 Nf6 2.c4 g6 3.Nc3 Bg7 4.e4 d6 5.Nf3 O-O 6.Be2 e5 7.O-O Nc6 8.d5 Ne7 
9.Nd2 a5 10.a3 Nd7 11.Rb1 f5 12.b4 Kh8 13.f3 Ng8 14.Qc2 axb4 15.axb4 Ndf6 
16.c5 Nh5 17.Nc4 Nf4 18.Kh1 Nh6 19.Be3 fxe4 20.fxe4 Bg4 21.Bxg4 Nxg4 22.
Bg1 Nh5 23.g3 Qg5 24.Qe2 dxc5 25.bxc5 Bh6 26.Qd3 Rad8 27.d6 Rxf1 28.Rxf1 
c6 29.h4 Nf2+ 30.Bxf2 Qg4 31.Nxe5 Qh3+ 32.Kg1 1-0

[Event "VII Festival Magistrale"]
[Site "Montecatini Terme ITA"]
[Date "1998.08.02"]
[Round "2"]
[White "Baccaro, Franco"]
[Black "Ferretti, Folco"]
[Result "1/2-1/2"]
[WhiteElo "2215"]
[BlackElo "2265"]
[PlyCount "92"]
[EventDate "1998.08.01"]

1.d4 Nf6 2.Nf3 e6 3.Bg5 c5 4.e3 Be7 5.Bd3 O-O 6.O-O b6 7.Nbd2 Bb7 8.c3 Nc6
9.a3 d5 10.b4 cxd4 11.cxd4 Rc8 12.Rc1 Nh5 13.Bxe7 Qxe7 14.Ne5 g6 15.f4 
Nxe5 16.fxe5 Rxc1 17.Qxc1 Rc8 18.Qd1 Bc6 19.Nf3 Be8 20.g4 Ng7 21.Qd2 Qc7 
22.Ba6 Rd8 23.Rc1 Qd7 24.Qc2 h5 25.h3 Qe7 26.Qc7 Kf8 27.Kf2 Ba4 28.Qxe7+ 
Kxe7 29.Rc7+ Rd7 30.Rxd7+ Kxd7 31.Ne1 hxg4 32.hxg4 Ne8 33.Be2 Nc7 34.Kg3 
Bb5 35.Bd1 Bc4 36.Nf3 Ke7 37.Ba4 Bb5 38.Bb3 Be8 39.Nd2 f6 40.exf6+ Kxf6 
41.Nf3 g5 42.Ne5 a5 43.bxa5 bxa5 44.Nd3 Bb5 45.Nc5 e5 46.a4 Bc6 1/2-1/2

[Event "VII Festival Magistrale"]
[Site "Montecatini Terme ITA"]
[Date "1998.08.02"]
[Round "2"]
[White "Badea, Bela"]
[Black "De Gleria, Francesco"]
[Result "1-0"]
[WhiteElo "2530"]
[BlackElo "2370"]
[PlyCount "111"]
[EventDate "1998.08.01"]

1.Nf3 Nf6 2.g3 g6 3.b3 Bg7 4.Bb2 O-O 5.Bg2 d6 6.d4 c5 7.c4 Nc6 8.d5 Na5 9.
O-O a6 10.Nbd2 b5 11.Bc3 Rb8 12.e4 Bg4 13.Qc2 Bxf3 14.Bxf3 Qc7 15.Rab1 Nd7
16.Bxg7 Kxg7 17.Be2 bxc4 18.Bxc4 Nxc4 19.Nxc4 Rb4 20.Rbc1 Kg8 21.Rfe1 a5 
22.Nb2 Rfb8 23.Qc3 Qa7 24.Qe3 Rd4 25.Rc3 Nf6 26.f3 Nd7 27.Kg2 Nb6 28.h4 e6
29.dxe6 fxe6 30.h5 gxh5 31.Rh1 Qf7 32.Nd3 Kh8 33.Nf4 e5 34.Ne2 a4 35.Qh6 
Qg6 36.Qxg6 hxg6 37.Nxd4 exd4 38.Rcc1 axb3 39.axb3 Nd7 40.g4 Rxb3 41.gxh5 
Ne5 42.f4 Rb2+ 43.Kg3 Rb3+ 44.Kh4 Nd3 45.Ra1 Nf2 46.Rh2 Nxe4 47.hxg6 Kg7 
48.f5 Rb7 49.Kg4 Nf6+ 50.Kg5 d3 51.Rah1 d2 52.Rxd2 Rb4 53.Rh4 Rxh4 54.Kxh4
Ne4 55.Ra2 Kf6 56.Ra7 1-0

[Event "VII Festival Magistrale"]
[Site "Montecatini Terme ITA"]
[Date "1998.08.02"]
[Round "2"]
[White "Bellia, Fabrizio"]
[Black "Horvath, Jozsef"]
[Result "0-1"]
[WhiteElo "2330"]
[BlackElo "2530"]
[PlyCount "68"]
[EventDate "1998.08.01"]

1.e4 c5 2.Nf3 e6 3.d4 cxd4 4.Nxd4 a6 5.Nc3 b5 6.Bd3 Qb6 7.Nb3 Qc7 8.f4 d6 
9.Qf3 Nd7 10.g4 Bb7 11.Bd2 Nc5 12.O-O Nf6 13.g5 Nfd7 14.Rae1 Be7 15.Qh3 b4
16.Nd1 d5 17.e5 g6 18.Nf2 a5 19.Ng4 a4 20.Nxc5 Nxc5 21.Nf6+ Bxf6 22.exf6 
Ne4 23.Be3 Ba6 24.Bd4 Qb7 25.Qe3 h6 26.Rf3 hxg5 27.fxg5 Rh5 28.Bxe4 dxe4 
29.Rh3 Rxh3 30.Qxh3 O-O-O 31.Be3 Qd5 32.Qh7 Qf5 33.Qxf7 Qg4+ 34.Kh1 Be2 
0-1

[Event "VII Festival Magistrale"]
[Site "Montecatini Terme ITA"]
[Date "1998.08.02"]
[Round "2"]
[White "Castrogiovanni, Carlo"]
[Black "Held, Markus"]
[Result "1/2-1/2"]
[WhiteElo "2045"]
[BlackElo "2245"]
[PlyCount "68"]
[EventDate "1998.08.01"]

1.Nf3 Nf6 2.c4 e6 3.Nc3 d5 4.d4 c5 5.cxd5 Nxd5 6.e3 Nc6 7.Be2 Be7 8.O-O 
O-O 9.a3 b6 10.Nxd5 exd5 11.dxc5 bxc5 12.Qc2 Qb6 13.Bd3 h6 14.e4 d4 15.Bf4
Be6 16.Nd2 Na5 17.Rab1 Rac8 18.Nc4 Nxc4 19.Bxc4 Rfd8 20.Rfd1 Bxc4 21.Qxc4 
Qe6 22.Qxe6 fxe6 23.b3 a5 24.Rbc1 a4 25.Rc4 axb3 26.Rd3 Bg5 27.Bxg5 hxg5 
28.Rxb3 Rb8 29.Rxb8 Rxb8 30.Kf1 Rb1+ 31.Ke2 Rb2+ 32.Ke1 Rb3 33.Ke2 Rb8 34.
Ke1 Rb1+ 1/2-1/2

[Event "VII Festival Magistrale"]
[Site "Montecatini Terme ITA"]
[Date "1998.08.02"]
[Round "2"]
[White "Corvi, Marco"]
[Black "Godena, Michele"]
[Result "1/2-1/2"]
[WhiteElo "2305"]
[BlackElo "2510"]
[PlyCount "58"]
[EventDate "1998.08.01"]

1.c4 e6 2.Nc3 d5 3.cxd5 exd5 4.d4 c6 5.Bf4 Bd6 6.Bxd6 Qxd6 7.e3 Ne7 8.h3 
O-O 9.Nf3 Bf5 10.Bd3 Nd7 11.O-O Rfe8 12.Rc1 Nb6 13.Qc2 Bxd3 14.Qxd3 Ng6 
15.b3 Re7 16.Ne2 Rf8 17.Ng3 Ree8 18.Rc2 Ne7 19.Nf5 Nxf5 20.Qxf5 Qe7 21.Ne5
f6 22.Nd3 Nc8 23.Nc5 Rf7 24.Rfc1 Nd6 25.Qh5 g6 26.Qf3 Qd8 27.g3 Kg7 28.Kg2
Rfe7 29.h4 Qc8 1/2-1/2

[Event "VII Festival Magistrale"]
[Site "Montecatini Terme ITA"]
[Date "1998.08.02"]
[Round "2"]
[White "De Bortoli, Peter"]
[Black "Belotti, Bruno"]
[Result "1/2-1/2"]
[WhiteElo "2215"]
[BlackElo "2430"]
[PlyCount "35"]
[EventDate "1998.08.01"]

1.e4 c5 2.Nf3 e6 3.d4 cxd4 4.Nxd4 Nc6 5.Be3 Nf6 6.Bd3 Qc7 7.O-O a6 8.Nxc6 
bxc6 9.Nd2 d6 10.f4 Be7 11.Nc4 Nd7 12.Qh5 g6 13.Qa5 Qxa5 14.Nxa5 c5 15.Nc6
Bf6 16.e5 dxe5 17.fxe5 Bg7 18.Rad1 1/2-1/2

[Event "VII Festival Magistrale"]
[Site "Montecatini Terme ITA"]
[Date "1998.08.02"]
[Round "2"]
[White "De Kleuver, Esther"]
[Black "Mantovani, Renzo"]
[Result "1-0"]
[WhiteElo "2220"]
[BlackElo "2380"]
[PlyCount "101"]
[EventDate "1998.08.01"]

1.e4 c5 2.c3 d5 3.exd5 Qxd5 4.d4 Nf6 5.Nf3 Nc6 6.Be3 Ng4 7.Na3 Nxe3 8.fxe3
Bg4 9.Bc4 Bxf3 10.Bxd5 Bxd1 11.Rxd1 cxd4 12.Nb5 O-O-O 13.Bxc6 bxc6 14.Nxd4
Kc7 15.O-O e5 16.Nf3 f6 17.Rxd8 Kxd8 18.Rd1+ Kc7 19.Nd2 Bc5 20.Nc4 e4 21.
Kf2 f5 22.Ke2 Re8 23.g3 g5 24.Rf1 Rf8 25.b4 Be7 26.a4 a6 27.Rg1 Bf6 28.Rc1
h5 29.Nd2 h4 30.g4 fxg4 31.Nxe4 Be5 32.Rg1 g3 33.hxg3 h3 34.Nxg5 h2 35.Rh1
Rg8 36.Ne4 Rh8 37.Kf3 Kd7 38.Kg2 a5 39.Rxh2 Rb8 40.Rh7+ Ke6 41.bxa5 Kd5 
42.Nf2 Bxc3 43.a6 Rb6 44.Ra7 c5 45.Ra8 Kc4 46.a7 Ra6 47.Ne4 Rxa4 48.Nxc5 
Ra2+ 49.Kf3 Be5 50.Ne6 Kb5 51.Rb8+ 1-0

[Event "VII Festival Magistrale"]
[Site "Montecatini Terme ITA"]
[Date "1998.08.02"]
[Round "2"]
[White "Delmont, Jean-Robert"]
[Black "Laketic, Gojko"]
[Result "0-1"]
[WhiteElo "2055"]
[BlackElo "2390"]
[PlyCount "83"]
[EventDate "1998.08.01"]

1.d4 Nf6 2.c4 e6 3.Nc3 Bb4 4.e3 c5 5.Ne2 cxd4 6.exd4 d5 7.c5 Ne4 8.g3 O-O 
9.Bg2 b6 10.cxb6 axb6 11.O-O Bxc3 12.Nxc3 Nxc3 13.bxc3 Ba6 14.Re1 Bc4 15.
Bf1 Qc8 16.Bd2 Ra3 17.Qg4 Kh8 18.Qh4 Bxf1 19.Rxf1 Nd7 20.c4 Qxc4 21.Rac1 
Qa4 22.Qe7 Rxa2 23.Rc7 Rxd2 24.Rxd7 Rg8 25.Qxf7 Re2 26.Rc1 h6 27.Rc8 Qd1+ 
28.Kg2 Rxf2+ 29.Kxf2 Qxd4+ 30.Kg2 Rxc8 31.Qxe6 Qd3 32.Rxd5 Rc2+ 33.Kh3 
Qf1+ 34.Kg4 Rc4+ 35.Kh5 Qf3+ 36.g4 Qh3+ 37.Kg6 Rxg4+ 38.Kf7 Rf4+ 39.Ke7 
Qa3+ 40.Ke8 Qf8+ 41.Kd7 Rf7+ 42.Kc6 0-1

[Event "VII Festival Magistrale"]
[Site "Montecatini Terme ITA"]
[Date "1998.08.02"]
[Round "2"]
[White "Dervishi, Erald"]
[Black "Stoll, Thomas"]
[Result "1-0"]
[WhiteElo "2430"]
[BlackElo "2280"]
[PlyCount "65"]
[EventDate "1998.08.01"]

1.e4 c5 2.Nf3 d6 3.d4 cxd4 4.Nxd4 Nf6 5.Nc3 g6 6.Be3 Bg7 7.f3 O-O 8.Bc4 
Nc6 9.Qd2 Bd7 10.O-O-O Ne5 11.Bb3 Qa5 12.Kb1 Rfc8 13.h4 b5 14.Ncxb5 Qxd2 
15.Rxd2 Nc4 16.Bxc4 Rxc4 17.Na3 Rcc8 18.g4 Rab8 19.c4 Be8 20.Ne2 a6 21.Bd4
Bc6 22.Rc1 Nd7 23.Bxg7 Kxg7 24.Nd4 Ba8 25.Rc3 Rb6 26.Kc1 Nc5 27.Re3 e5 28.
Ne2 f5 29.exf5 gxf5 30.gxf5 Kf6 31.b4 Rxb4 32.Rxd6+ Kxf5 33.Nc2 1-0

[Event "VII Festival Magistrale"]
[Site "Montecatini Terme ITA"]
[Date "1998.08.02"]
[Round "2"]
[White "Dorin, Mauricio"]
[Black "Greenfeld, Alon"]
[Result "1-0"]
[WhiteElo "2360"]
[BlackElo "2535"]
[PlyCount "105"]
[EventDate "1998.08.01"]

1.e4 c5 2.c3 Nf6 3.e5 Nd5 4.d4 cxd4 5.Nf3 Nc6 6.cxd4 d6 7.Bc4 Nb6 8.Bb3 
dxe5 9.Nxe5 Nxe5 10.dxe5 Qxd1+ 11.Kxd1 Bd7 12.Nc3 Bc6 13.f3 e6 14.Re1 Be7 
15.Ke2 O-O 16.Bf4 Nd7 17.Rac1 Bh4 18.Red1 g5 19.Be3 g4 20.Bf4 Nb6 21.fxg4 
Bxg2 22.Rg1 Bh3 23.Ne4 h5 24.gxh5+ Kh8 25.Bg5 Bf5 26.Nd6 Bxg5 27.Rxg5 Nd7 
28.Nxf5 exf5 29.Rxf5 Rae8 30.Bxf7 Rxe5+ 31.Rxe5 Nxe5 32.Bg6 Nc6 33.a3 Kg7 
34.Rc3 Rf4 35.Rg3 Kh6 36.Rg2 Ne5 37.Kd2 Rf3 38.Re2 Nc4+ 39.Kc2 Ne3+ 40.Kb1
b6 41.Ka2 a5 42.Be8 Ng4 43.Re6+ Rf6 44.Rxf6+ Nxf6 45.Bg6 Nd5 46.Be4 Ne3 
47.Bf3 Nc2 48.Bg4 Nd4 49.Kb1 b5 50.Kc1 b4 51.a4 Nb3+ 52.Kc2 Nc5 53.b3 1-0

[Event "VII Festival Magistrale"]
[Site "Montecatini Terme ITA"]
[Date "1998.08.02"]
[Round "2"]
[White "Farago, Ivan"]
[Black "Bocchicchio, Gaetano"]
[Result "1-0"]
[WhiteElo "2530"]
[BlackElo "2205"]
[PlyCount "55"]
[EventDate "1998.08.01"]

1.d4 a6 2.e4 c5 3.d5 e5 4.c4 Nf6 5.Nc3 Bd6 6.Bd3 Bc7 7.Nge2 d6 8.Ng3 Ba5 
9.Bd2 O-O 10.O-O Re8 11.a3 Nbd7 12.Rb1 Bxc3 13.Bxc3 Qc7 14.Qd2 a5 15.b3 b6
16.f4 exf4 17.Rxf4 Ne5 18.Rxf6 gxf6 19.Nh5 Kf8 20.Nxf6 Bb7 21.Qh6+ Ke7 22.
Nxe8 Rxe8 23.Bxe5 dxe5 24.Rf1 Kd8 25.Qxh7 Rf8 26.Qg7 Qe7 27.Rf6 Qe8 28.
Rxb6 1-0

[Event "VII Festival Magistrale"]
[Site "Montecatini Terme ITA"]
[Date "1998.08.02"]
[Round "2"]
[White "Franco Ocampos, Zenon"]
[Black "Krupkova, Petra"]
[Result "1/2-1/2"]
[WhiteElo "2485"]
[BlackElo "2315"]
[PlyCount "111"]
[EventDate "1998.08.01"]

1.Nf3 Nf6 2.c4 g6 3.Nc3 d5 4.cxd5 Nxd5 5.Qa4+ c6 6.Qd4 f6 7.e4 e5 8.Nxe5 
Nxc3 9.Qxc3 Qe7 10.Nf3 Qxe4+ 11.Be2 Nd7 12.O-O Bb4 13.Qe3 Qxe3 14.dxe3 Nb6
15.Rd1 Be6 16.a3 Be7 17.Nd4 Bc4 18.Bxc4 Nxc4 19.b3 Nb6 20.e4 Kf7 21.Be3 
Rhd8 22.a4 Nd7 23.f3 a6 24.Kf2 Nf8 25.Ke2 Rd7 26.f4 Rad8 27.Nf3 Ne6 28.
Rxd7 Rxd7 29.Rc1 Bd8 30.g3 Bc7 31.Rc4 Ke7 32.b4 Bd6 33.a5 Bb8 34.Nd4 Nxd4+
35.Bxd4 Ke6 36.Ke3 f5 37.h3 fxe4 38.Kxe4 Rd5 39.g4 Bd6 40.Bc5 Bxc5 41.bxc5
h5 42.Rc1 hxg4 43.hxg4 Kf6 44.g5+ Ke6 45.Rb1 Rxc5 46.Rxb7 Rxa5 47.Rg7 Ra4+
48.Kf3 a5 49.Rxg6+ Kd5 50.Rg8 Ra1 51.Kg4 a4 52.Kf5 a3 53.Ra8 a2 54.g6 Kc4 
55.g7 Rg1 56.Rxa2 1/2-1/2

[Event "VII Festival Magistrale"]
[Site "Montecatini Terme ITA"]
[Date "1998.08.02"]
[Round "2"]
[White "Gorelli Fagiolini, Marco"]
[Black "Stevic, Hrvoje"]
[Result "1/2-1/2"]
[WhiteElo "2235"]
[BlackElo "2465"]
[PlyCount "68"]
[EventDate "1998.08.01"]

1.e4 c5 2.Nf3 e6 3.d4 cxd4 4.Nxd4 Nf6 5.Nc3 d6 6.Be2 Be7 7.O-O O-O 8.Be3 
Nc6 9.Kh1 Qc7 10.f4 Nxd4 11.Bxd4 e5 12.Be3 exf4 13.Bxf4 Be6 14.Qe1 Nd7 15.
Qg3 Ne5 16.Rad1 a6 17.Rd2 b5 18.a3 Rac8 19.Rfd1 Rfd8 20.Bxe5 dxe5 21.Bg4 
Rxd2 22.Rxd2 Rd8 23.Rxd8+ Bxd8 24.Bxe6 fxe6 25.Qd3 Bg5 26.g3 h6 27.Kg2 Qc6
28.Ne2 Kh7 29.h4 Be7 30.Ng1 Bd6 31.Nf3 Bc7 32.c3 Qc5 33.b4 Qc6 34.Nd2 Bb6 
1/2-1/2

[Event "VII Festival Magistrale"]
[Site "Montecatini Terme ITA"]
[Date "1998.08.02"]
[Round "2"]
[White "Guido, Flavio"]
[Black "Efimov, Igor"]
[Result "1/2-1/2"]
[WhiteElo "2355"]
[BlackElo "2530"]
[PlyCount "64"]
[EventDate "1998.08.01"]

1.e4 e6 2.d4 c5 3.d5 d6 4.c4 exd5 5.exd5 Be7 6.Nf3 Bf6 7.h3 Ne7 8.Bd3 Na6 
9.a3 Nc7 10.Ra2 b5 11.b3 Rb8 12.Re2 O-O 13.O-O Ng6 14.Qc2 Re8 15.Rxe8+ 
Qxe8 16.Re1 Qd8 17.Nc3 bxc4 18.bxc4 Bd7 19.Ne4 Ne8 20.Nxf6+ Nxf6 21.Bd2 
Nh5 22.Rb1 Rxb1+ 23.Qxb1 Qb6 24.Qc2 Nf6 25.Kh2 Ne5 26.Nxe5 dxe5 27.Bc3 Qd6
28.Qb2 e4+ 29.Be5 Qe7 30.Bxf6 gxf6 31.Qb8+ Kg7 32.Qg3+ Kf8 1/2-1/2

[Event "VII Festival Magistrale"]
[Site "Montecatini Terme ITA"]
[Date "1998.08.02"]
[Round "2"]
[White "Jansa, Vlastimil"]
[Black "Vezzosi, Paolo"]
[Result "1-0"]
[WhiteElo "2490"]
[BlackElo "2325"]
[PlyCount "39"]
[EventDate "1998.08.01"]

1.e4 e6 2.d4 d5 3.Nd2 Nf6 4.e5 Nfd7 5.c3 c5 6.f4 Nc6 7.Ndf3 Qa5 8.Be3 cxd4
9.Nxd4 Nxd4 10.Bxd4 Be7 11.Nf3 Nb6 12.a4 Nd7 13.Bd3 Qc7 14.O-O O-O 15.g4 
f6 16.Qc2 f5 17.gxf5 Nc5 18.f6 gxf6 19.Bxh7+ Kh8 20.Qg6 1-0

[Event "VII Festival Magistrale"]
[Site "Montecatini Terme ITA"]
[Date "1998.08.02"]
[Round "2"]
[White "Jurkovic, Ante"]
[Black "Drasko, Milan"]
[Result "0-1"]
[WhiteElo "2315"]
[BlackElo "2515"]
[PlyCount "64"]
[EventDate "1998.08.01"]

1.e4 e6 2.d4 d5 3.exd5 exd5 4.Nf3 Nf6 5.Bd3 Be7 6.O-O O-O 7.Re1 Bg4 8.c3 
Nbd7 9.Bg5 Re8 10.Nbd2 c5 11.Qc2 c4 12.Bf5 Bxf5 13.Qxf5 g6 14.Qc2 b5 15.
Ne5 Nxe5 16.Rxe5 Ng4 17.Bxe7 Rxe7 18.Rxe7 Qxe7 19.Nf3 b4 20.Re1 Qb7 21.Qd2
bxc3 22.bxc3 Nf6 23.Ng5 Kg7 24.f3 Rb8 25.Kf2 Qc7 26.Re5 Rb7 27.h4 Qb8 28.
Re2 Nh5 29.Qe3 Qg3+ 30.Kf1 Qxh4 31.Qe5+ f6 32.Ne6+ Kg8 0-1

[Event "VII Festival Magistrale"]
[Site "Montecatini Terme ITA"]
[Date "1998.08.02"]
[Round "2"]
[White "Khmelnitsky, Sergei"]
[Black "Everet, Alexandro"]
[Result "1-0"]
[WhiteElo "2395"]
[BlackElo "2260"]
[PlyCount "75"]
[EventDate "1998.08.01"]

1.e4 g6 2.d4 Bg7 3.Nc3 d6 4.f4 Nf6 5.Nf3 O-O 6.Bd3 Nc6 7.e5 dxe5 8.fxe5 
Nh5 9.Be3 Bg4 10.Be2 f6 11.exf6 exf6 12.Qd2 f5 13.O-O-O f4 14.Bf2 g5 15.h4
Bxf3 16.Bxf3 Ng3 17.Bxg3 fxg3 18.Bd5+ Kh8 19.hxg5 Rf5 20.Be4 Qxg5 21.Rxh7+
Kg8 22.Bxf5 Qxf5 23.Rh3 Nxd4 24.Qd3 Qxd3 25.Rxd3 Rf8 26.Rhxg3 c5 27.Rg4 
Kh7 28.Nd1 Rf7 29.c3 Nc6 30.Rh3+ Bh6+ 31.Kc2 Ne5 32.Rgh4 Rf6 33.Ne3 b5 34.
Ng4 Nxg4 35.Rxg4 Rf2+ 36.Kb3 a5 37.Rgh4 Rf6 38.Rxh6+ 1-0